| 000 | 00335nam a2200121Ia 4500 | ||
|---|---|---|---|
| 005 | 20251222154404.0 | ||
| 008 | 251222s9999||||xx |||||||||||||| ||spa|| | ||
| 020 | _a84-7738-108-9 | ||
| 082 | _a938.08/D88 | ||
| 100 | _a"Dominguez Monedero, Adolfo J." | ||
| 245 | 0 | _aLa Polis y la expansión colonial griega. Siglos VIII-VI | |
| 942 | _cLIB | ||
| 999 |
_c35393 _d35393 |
||